00000000cam 2200000zi 4500
0019.963020
003CaOODSP
00520260601171135
006m     o  d f      
007cr mn|||||||||
008260525e19490601nkc     ob   f000 0 eng d
040 |aCaOODSP|beng|erda|cCaOODSP
043 |aln-----
0861 |aFs52-3/389E-PDF
1001 |aHachey, H. B., |eauthor.
24512|aA bibliography of physical-chemical oceanography / |cby H.B. Hachey and A.L. Mooers.
264 1|aSt. Andrews, N.B. : |bAtlantic Oceanographic Group : |bFisheries Research Board of Canada, Joint Committee on Oceanography, |cJune 1st, 1949.
300 |a1 online resource (73 pages).
336 |atext|btxt|2rdacontent
337 |acomputer|bc|2rdamedia
338 |aonline resource|bcr|2rdacarrier
4901 |aManuscript reports of the biological stations ; |vno. 389
500 |aCover title.
500 |aDigitized edition from print [produced by Department of Fisheries and Oceans].
520 |a"This bibliography, prepared by the staff of the Atlantic Oceanographic Group contains relevant publications of interest to investigators in physical-chemical oceanographic problems of the Western North Atlantic"--Page [1].
650 0|aPhysical oceanography|zNorth Atlantic Ocean|vBibliography.
650 0|aChemical oceanography|zNorth Atlantic Ocean|vBibliography.
650 6|aOcéanographie physique|zAtlantique Nord|vBibliographie.
650 6|aOcéanographie chimique|zAtlantique Nord|vBibliographie.
655 7|aBibliographies|2lcgft
655 7|aBibliographies|2rvmgf
7102 |aAtlantic Oceanographic Group (Canada), |eissuing body.
7102 |aFisheries Research Board of Canada. |bJoint Committee on Oceanography, |eissuing body.
830#0|aManuscript reports of the biological stations ;|vno. 389.|w(CaOODSP)9.899091
85640|qPDF|s37.5 MB|uhttps://publications.gc.ca/collections/collection_2026/mpo-dfo/fs52-3/Fs52-3-389-eng.pdf